The new Psychology of language: Cognitive and functional approaches to language structure

Gespeichert in:
Bibliographische Detailangaben
1. Verfasser: Tomasello, Michael (VerfasserIn)
Format: Buch
Sprache:Englisch
Veröffentlicht: Mahwah Lawrence Erlbaum Associates 1998
Ausgabe:1a. ed
Schlagworte:
Tags: Tag hinzufügen
Keine Tags, Fügen Sie den ersten Tag hinzu!

MARC

LEADER 00000nam a2200000 a 4500
001 UCJ2935
003 CL-VaPUC
008 070119e19980000us |||||||||||||||||eng|d
020 |a 0805825770 
082 0 4 |a 401.9  |b TOM  |2 21 
100 0 |a Tomasello, Michael  |e author  |9 504004 
245 1 4 |a The new Psychology of language: Cognitive and functional approaches to language structure 
250 |a 1a. ed 
300 |a 292 p 
942 |c BK 
945 |d 20070119 00:00:00  |a lvergara 
260 |a Mahwah  |b Lawrence Erlbaum Associates  |c 1998 
500 |a Donación de la Dra. Marianne Peronard Thierry 
650 0 |a Psicolingüística   |9 283371 
650 0 |a Semántica  |9 265318 
650 0 |a Análisis del discurso  |9 256696 
650 0 |a Cognición   |9 270347 
650 0 |a Gramática  |9 270497 
583 |a last modification  |c 20171120 06:12:38  |k Rodrigo Vera 
999 |c 319063  |d 319061 
952 |0 0  |1 0  |4 0  |6 401_900000000000000_TOM_1998  |7 0  |8 A  |9 397298  |a FDOPOS  |b FDOPOS  |d 2019-11-22  |i 431333K  |o 401.9 TOM 1998  |p 431333K  |r 2025-01-22  |w 2019-11-22  |y BK  |k MLA